The Soviet Union and Strategic Arms (Record no. 3753)

MARC details
000 -LEADER
fixed length control field 00301nam a22001217a 4500
008 - FIXED-LENGTH DATA ELEMENTS--GENERAL INFORMATION
fixed length control field 230704b xxu||||| |||| 00| 0 eng d
020 ## - INTERNATIONAL STANDARD BOOK NUMBER
International Standard Book Number 0813300541
082 ## - DEWEY DECIMAL CLASSIFICATION NUMBER
Classification number 355.033
Item number LAI 1984
245 ## - TITLE STATEMENT
Title The Soviet Union and Strategic Arms
260 ## - PUBLICATION, DISTRIBUTION, ETC. (IMPRINT)
Name of publisher, distributor, etc. Westview Press
Date of publication, distribution, etc. 1984
300 ## - PHYSICAL DESCRIPTION
Extent 160p
942 ## - ADDED ENTRY ELEMENTS (KOHA)
Source of classification or shelving scheme Dewey Decimal Classification
Koha item type Books
Holdings
Withdrawn status Lost status Source of classification or shelving scheme Damaged status Not for loan Home library Current library Date acquired Total Checkouts Full call number Barcode Date last seen Price effective from Koha item type Checked out
    Dewey Decimal Classification     County Hall Archives County Hall Archives 07/04/2023   355.033 LAI 1984 10001328 07/04/2023 07/04/2023 Books  
    Dewey Decimal Classification     County Hall Archives County Hall Archives 07/04/2023   355.033 LAI 1984 10001329 07/04/2023 07/04/2023 Books 06/21/2019
    Dewey Decimal Classification     County Hall Archives County Hall Archives 07/04/2023   355.033 LAI 1984 10001331 07/04/2023 07/04/2023 Books  
    Dewey Decimal Classification     County Hall Archives County Hall Archives 07/04/2023   355.033 LAI 1984 10001330 07/04/2023 07/04/2023 Books  
LIBRARY OPENING HOURS

When the Parliament is sitting: 8.00a.m - 7.00p.m or until the house adjourns
Mondays and Fridays and when the House is on Recess:  8.00a.m - 5.00p.m
Closed on Weekends and Public Holidays

Online Public Access Catalog (OPAC)
Website: http://www.parliament.go.ke
Bunge Library: https://libraryir.parliament.go.ke
Contact: library@parliament.go.ke | Tel no: (254-2)2221291 or 2848000 Ext 5043